Solomon and Rehoboam. (Record no. 3757)

000 -LEADER
fixed length control field 00754nam a2200217 a 4500
001 - CONTROL NUMBER
control field :::00001492$&:&@@
003 - CONTROL NUMBER IDENTIFIER
control field OkBaRHE
005 - DATE AND TIME OF LATEST TRANSACTION
control field 20000607103244.0
008 - FIXED-LENGTH DATA ELEMENTS--GENERAL INFORMATION
fixed length control field s1966 j 000 0 eng u
040 ## - CATALOGING SOURCE
Transcribing agency
100 1# - MAIN ENTRY--PERSONAL NAME
Personal name Lindsay, Gordon (James Gordon), 1906-1973.
245 10 - TITLE STATEMENT
Title Solomon and Rehoboam.
260 ## - PUBLICATION, DISTRIBUTION, ETC. (IMPRINT)
Place of publication, distribution, etc Dallas, TX., :
Name of publisher, distributor, etc Christ For The Nations
Date of publication, distribution, etc c1966
300 ## - PHYSICAL DESCRIPTION
Extent 31 p. ;
Dimensions 23 cm.
490 0# - SERIES STATEMENT
Series statement Through the Bible series, v. 24.
650 ## - SUBJECT ADDED ENTRY--TOPICAL TERM
Topical term or geographic name as entry element Rehoboam, King of Judah
650 ## - SUBJECT ADDED ENTRY--TOPICAL TERM
Topical term or geographic name as entry element Solomon, King of Israel
942 ## - ADDED ENTRY ELEMENTS (KOHA)
Source of classification or shelving scheme
Koha item type Books
Copies
Date acquired Lost status Not for loan Copy number Date last seen Withdrawn status Damaged status Shelving location Price effective from Permanent Location Full call number Barcode Source of classification or shelving scheme Koha item type
2010-04-14  12018-03-12  General Stacks2010-04-14RHEMA Bible Training CollegeBS 580 .S6L51492 Books
2010-04-14  22018-03-12  General Stacks2010-04-14RHEMA Bible Training CollegeBS 580 .S6L516961 Books